Cargando...
| LEADER | 00617nam a2200241Ia 4500 | ||
|---|---|---|---|
| 008 | 141122s9999 xx 000 0 und d | ||
| 020 | |a 8171302300 | ||
| 040 | |c . | ||
| 041 | |a Malayalam | ||
| 082 | |a 813.1 | ||
| 082 | |b URO/UM | ||
| 100 | |a Uroob | ||
| 245 | |a Ummachu | ||
| 245 | |c Uroob | ||
| 260 | |b DC Books | ||
| 260 | |b Kottayam | ||
| 260 | |c 2012 | ||
| 300 | |a 199 Pages | ||
| 365 | |a 120 | ||
| 650 | |a Novel | ||
| 942 | |c BK | ||
| 999 | |c 6042 |d 6042 | ||
| 952 | |0 0 |1 0 |4 0 |6 813_100000000000000_UROUM |7 0 |9 6000 |a COVAS |b COVAS |d 0000-00-00 |g 120.00 |l 58 |m 13 |o 813.1 URO/UM |p 21835 |r 2020-03-10 |s 2020-03-09 |w 2014-11-26 |y BK | ||